Algorithmization of the decision making process of the operator automation systems

Salvato in:
Dettagli Bibliografici
Autore principale: Ďurkech, Boris
Altri autori: Jagerčík, Štefan, Štegena, Milan, Tkáčiková, Jarmila
Natura: Capitolo di libro
Lingua:inglese
Tags: Aggiungi Tag
Nessun Tag, puoi essere il primo ad aggiungerne!!

MARC

LEADER 00000naa a2200000 4500
001 0146654
005 20221205071408.4
041 0 |a eng 
044 |a SK 
245 1 0 |a Algorithmization of the decision making process of the operator automation systems  |c Boris Ďurkech, Štefan Jagerčík, Milan Štegena, Jarmila Tkáčiková 
100 1 |a Ďurkech, Boris 
700 1 |a Jagerčík, Štefan 
700 1 |a Štegena, Milan 
700 1 |a Tkáčiková, Jarmila